000 00535nam a2200193Ia 4500
005 20250508164927.0
008 008 250505s9999 xx 000 0 eng d
037 _aDissertations
040 _aFEDL
_beng
_cFEDL
041 _aeng
_2eng
084 _a370.15, DIX/DI
_qFEDL
100 _aDixit Abha
_9779517
245 0 _aStress among primary school children
260 _c1995
300 _a162p.
546 _aM.Ed. Dissertation (Delhi University)
942 _cDIS
_h370.15, DIX/DI
999 _c1392070
_d1392070